• 首页
  • 本馆介绍
  • 公告通知
  • 最新文献
  • 馆藏检索
  • 电子资源
  • 读者导购
  • 参考咨询
  • 我的图书馆
  • 登录
  • 详细信息显示
  • 放入我的书架
  • 预约/预借图书
  • 作者相关作品
  • 分类相关作品
  • 丛书相关作品
  • 出版社相关作品

书目信息

  • 表格格式
  • 工作单格式
  • 卡片格式
题名:
中国城镇中老年人收入研究
    
 
作者: 杨慧 著
分册:  
出版信息: 北京   中国人口出版社  2019.12
页数: 193页
开本: 23cm
丛书名: 银龄时代 —— 中国老龄社会研究系列丛书
单 册:
中图分类: D669.6 , F126.2
科图分类:
主题词: 城镇--cheng zhen--中老年人问题--居民收入--研究--中国
电子资源:
ISBN: 978-7-5101-6815-4
000 01100nam 2200289 450
001 CAL 010345096
005 20230217093113.0
010    @a978-7-5101-6815-4@dCNY68.00
100    @a20210310d2019 kemy0chiy0120 ea
101 0  @achi
102    @aCN@b110000
105    @aa a 000yy
106    @ar
200 1  @a中国城镇中老年人收入研究@Azhong guo cheng zhen zhong lao nian ren shou ru yan jiu@f杨慧著
210    @a北京@c中国人口出版社@d2019.12
215    @a193页@c图@d23cm
225 2  @a银龄时代 —— 中国老龄社会研究系列丛书@Ayin ling shi dai —— zhong guo lao ling she hui yan jiu xi lie cong shu
300    @a国家出版基金项目
320    @a有书目 (第173-189页)
330    @a本书共八章, 内容包括: 城镇中老年人收入差距实证研究、分区域中老年人收入研究、分行业中老年人收入研究、分单位类型中老年人收入研究等。
410  0 @12001 @a银龄时代 —— 中国老龄社会研究系列丛书
606 0  @a城镇@Acheng zhen@x中老年人问题@x居民收入@x研究@y中国
690    @aD669.6@v5
690    @aF126.2@v5
701  0 @a杨慧@Ayang hui@4著
801  0 @aCN@bBJXHZP@c20230222
905    @b1394584-7@dD669.6@e277@f4
    
    中国城镇中老年人收入研究/杨慧著.-北京:中国人口出版社,2019.12
    193页:图;23cm.-(银龄时代 —— 中国老龄社会研究系列丛书)
    国家出版基金项目
    
    ISBN 978-7-5101-6815-4:CNY68.00
    本书共八章, 内容包括: 城镇中老年人收入差距实证研究、分区域中老年人收入研究、分行业中老年人收入研究、分单位类型中老年人收入研究等。
●
相关链接 在E读中查询图书 在五车中查询图书 在当当中查询图书 在豆瓣中查询图书


正题名:中国城镇中老年人收入研究     索取号:D669.6/277         预约/预借

序号 登录号 条形码 馆藏地/架位号 状态 备注
1 1394584   213945846   第一样本阅览室/ [索取号:D669.6/277] 在馆    
2 1394585   213945855   第一借阅区/ [索取号:D669.6/277] 在馆    
3 1394586   213945864   第一借阅区/ [索取号:D669.6/277] 在馆    
4 1394587   213945873   第一借阅区/ [索取号:D669.6/277] 在馆    
唐山师范学院图书馆 欢迎您!
大连网信软件有限公司© 版权所有